000 00266nam a22001217a 4500
008 180730b xxu||||| |||| 00| 0 eng d
082 _a813.52
245 _aOnMusic Appreciation
_cHill,M.G
260 _c2007
300 _a2
_fCD
760 _b2nd
942 _2ddc
_cMX
999 _c46662
_d46662